[Event "Olympiad-32"]
[Site "Yerevan"]
[Date "1996.09.30"]
[Round "13.1"]
[White "Ye, Jiangchuan"]
[Black "Hjartarson, Johann"]
[Result "0-1"]
[WhiteElo "2540"]
[BlackElo "2565"]
[Annotator "Hjartarson,J"]
[PlyCount "74"]
[EventDate "1996.09.15"]
[EventType "team-swiss"]
[EventRounds "14"]
[EventCountry "ARM"]
[SourceTitle "CBM 055"]
[Source "ChessBase"]
[SourceDate "1996.12.01"]
[SourceVersion "1"]
[SourceVersionDate "1996.12.01"]
[SourceQuality "1"]
[WhiteTeam "China"]
[BlackTeam "Iceland"]
[WhiteTeamCountry "CHN"]
[BlackTeamCountry "ISL"]

1. e4 e5 2. Nf3 Nc6 3. Bb5 a6 4. Ba4 Nf6 5. O-O Nxe4 6. d4 b5 7. Bb3 d5 8. dxe5
Be6 9. Nbd2 Nc5 10. c3 Bg4 11. Bc2 (11. h3 Bh5 12. Bc2 Qd7 13. Re1 Rd8 14. b4
$2 (14. Nf1) (14. Nb3) 14... Ne6 15. Nb3 $2 (15. a3 d4 16. Bb2 d3 $5 $15) 15...
d4 $1 16. Be4 dxc3 17. Qxd7+ Kxd7 18. a3 Bxf3 19. gxf3 g5 $17 {Nijboer,F
2525-Sulskis,S 2515, Erevan (ol) 1996}) 11... Qd7 12. Re1 Rd8 13. Nf1 (13. b4
Ne6 14. Nf1 Bh5 15. a3 Bg6 $10 {Topalov,V 2750-Torre,E 2535 Erevan (ol) 1996})
(13. Nb3 {-47/(419)}) 13... d4 $5 (13... Bh5 $6 {-47/(419)}) (13... Be7 {-C83})
14. h3 (14. cxd4 $2 Bxf3 15. Qxf3 Nxd4 16. Qd1 Nxc2 17. Qxc2 Qd3 $15) 14... d3
$5 (14... Bh5 {-62/(374)}) 15. hxg4 dxc2 16. Qxd7+ $146 (16. Qxc2 Qxg4 17. Ng3
Qg6 $10) 16... Rxd7 17. Ne3 (17. Re2 $2 Rd1 18. Rxc2 Nd3 $17) 17... Nd3 18. Re2
Bc5 19. e6 $6 (19. Rxc2 $2 Ncxe5 20. Nxe5 Nxe5 $15) (19. Nxc2 O-O $44 {xPe5} (
19... Nxf2 $5 20. Rxf2 Rd1+ 21. Nfe1 (21. Nce1 $2 Nxe5 $1 22. Kf1 $8 Bxf2 23.
Kxf2 Nxg4+ 24. Ke2 Rd5 $15) 21... Bxf2+ (21... Nxe5 22. Be3 $1 Rxa1 23. Bxc5
Rxa2 24. Re2 f6 25. Nb4 Ra1 26. Nc6 $14) 22. Kxf2 Nxe5 23. Ne3 Rd7 24. a4 O-O
$13)) 19... fxe6 20. Nxc2 O-O $10 21. Be3 $6 (21. b4 Bb6 22. Be3 $10) 21...
Bxe3 22. Rxe3 (22. Nxe3 Nf4 $1 23. Rc2 (23. Rd2 $2 Rxd2 24. Nxd2 Nd3 $17) 23...
Rfd8 $15) 22... Nxb2 23. Rxe6 Rd6 24. Rae1 (24. Rxd6 cxd6 25. Re1 Nc4 26. Ncd4
$10) 24... Na4 25. R6e3 (25. Nb4 $142 Rxe6 26. Rxe6 Nd8 $10) 25... g6 26. Nb4
$2 (26. g5 $10) 26... Nd8 $1 $15 {[/\27...c5]} 27. Ng5 $2 (27. g5 c5 28. Nc2
Nc6 $15) 27... a5 $17 (27... c5 $2 28. Ne4 Re6 29. Nd5 $14 {xf6}) 28. Nc2 (28.
Ne4 axb4 29. Nxd6 cxd6 30. cxb4 Nc6 31. a3 Ne5 $17) 28... Rd2 29. Nd4 b4 $1 (
29... Rfxf2 $2 30. Ndf3 $1 Rxg2+ 31. Kh1 Nc6 32. Re6 $18) 30. Re7 (30. Ndf3
Rxa2 31. cxb4 axb4 32. Re7 b3 $1 33. Nxh7 Rf7 34. Nhg5 Rxe7 35. Rxe7 b2 36. Nd2
Ra1+ 37. Kh2 Rd1 38. Ngf3 c5 $1 39. Re8+ $140 Kg7 40. Rxd8 b1=Q 41. Nxb1 Rxd8
$19) 30... Nxc3 $19 31. Ndf3 (31. Nxh7 Rfxf2 32. Nf3 Rxg2+ 33. Kh1 Rde2 $19)
31... Rxa2 32. Nxh7 Rf7 33. Re8+ (33. Nfg5 Rfxf2 $1 34. Re8+ Kg7 35. Rxd8 Rxg2+
36. Kh1 Rh2+ 37. Kg1 Rag2+ 38. Kf1 Rf2+ 39. Kg1 Ne2+ 40. Rxe2 Rxe2 41. Rd7+ Kh6
42. Ne4 $8 Reg2+ 43. Kf1 Rxg4 44. Nhf6 Rf4+ $1 45. Kg1 (45. Ke1 Rxe4+ 46. Nxe4
b3 $19) 45... Rxf6 46. Kxh2 (46. Nxf6 Rc2 $19) 46... Rc6 $19) 33... Kxh7 34.
Rxd8 Re2 $1 35. Rxe2 Nxe2+ 36. Kf1 Re7 37. Ra8 Nc3 0-1

[Event "EU-chT (Men) 12th"]
[Site "Batumi"]
[Date "1999.12.01"]
[Round "3.2"]
[White "Hracek, Zbynek"]
[Black "Zapolskis, Antanas J"]
[Result "1-0"]
[WhiteElo "2629"]
[BlackElo "2399"]
[Annotator "Hracek,Z"]
[PlyCount "81"]
[EventDate "1999.11.06"]
[EventType "team-swiss"]
[EventRounds "9"]
[EventCountry "GEO"]
[SourceTitle "CBM 074"]
[Source "ChessBase"]
[SourceDate "2000.02.01"]
[SourceVersion "1"]
[SourceVersionDate "2000.02.01"]
[SourceQuality "1"]
[WhiteTeam "Czech Republic"]
[BlackTeam "Lithuania"]
[WhiteTeamCountry "CZE"]
[BlackTeamCountry "LTU"]

1. e4 {Mikhalevski,V} e5 2. Nf3 Nc6 3. Bb5 a6 4. Ba4 Nf6 5. O-O Nxe4 6. d4 b5
7. Bb3 d5 8. dxe5 Be6 9. Nbd2 Nc5 10. c3 Bg4 11. Bc2 Be7 12. Re1 Qd7 13. Nf1
Rd8 14. Ne3 Bxf3 $2 {Mikhalevski,V: 'A very risky decision. Black wins a pawn,
but his king will stay under the strong attack of all white pieces. This move
can be recommended only for players with strong nerves.'} (14... Bh5 15. b4 $1
Ne6 16. g4 Bg6 17. Nf5 O-O 18. a4 $14) 15. Qxf3 Nxe5 16. Qg3 Ng6 17. Nf5 Ne6
18. h4 Bf6 (18... h5 $2 {Mikhalevski,V is refuted by} 19. Rxe6 $1 {with easy
win after both captures:} Qxe6 (19... fxe6 20. Qxg6+ Kf8 21. Qxg7+) 20. Nxg7+ {
[%cal Rg7e6,Rg7e8]}) 19. Bg5 $1 $16 Ne7 {Mikhalevski,V: 'So far all the moves
were forced and had already been played with no much success in a game you
would be able to see below. Only the last Black's move is an attempt to
strengthen black's play in that game.'} ({In the only preceding game Black
lost in few moves:} 19... Kf8 {Mikhalevski,V} 20. Bxf6 gxf6 21. h5 Ngf4 22. Qh4
{[%csl Rf6]} Rg8 23. Qxf6 Rxg2+ $2 (23... Nxh5 $142 24. Qh6+ $36) (23... Nxg2
$5 24. Qh6+ Ke8 25. Qxh7 Kf8 26. Qh6+ Ke8 27. Ng7+ Rxg7 28. Qh8+ $1 (28. Qxg7
Nxe1 29. Rxe1 Qe7) 28... Ke7 29. Qxg7 Nxe1 30. Rxe1 $14) 24. Kh1 $18 {[%cal
Gf6h6,Ge1g1]} Ng7 25. Re7 {1-0 Rajcsanyi,Z-Kovacevic,B/Budapest 1994/EXT 97 
(25)}) 20. Bxf6 gxf6 21. Qf3 $6 (21. Re3 $142 $1 Rg8 22. Qf3 Ng6 23. Qh5 Ngf4 (
23... Ngf8 24. Rae1 $16) 24. Qxh7 $16) 21... Nxf5 22. Qxf5 Qe7 (22... Ke7 23.
Re3 Rdg8 24. Rae1 $16) 23. Rad1 {Mikhalevski,V: 'Possible continuation,but 23.
a4! seems to be much stronger.'} (23. a4 $1 {Mikhalevski,V was probably the
best way of initiative development.} c6 24. axb5 axb5 25. Ra6 Rc8 26. Rea1 Kf8
27. h5 $1 {[%csl Rf8][%cal Gh5h6]} Kg7 $140 28. Ra7 Rc7 29. Ra8 $1 {[%csl Rh7]}
Nd8 30. Qg4+ Kf8 31. h6 Rg8 32. Qf4 {[%csl Rh7] and Black is on the edge of
precipice.}) 23... c6 24. Rd3 Kd7 25. Rf3 h6 26. Kf1 $6 (26. b4 $142) 26...
Rdg8 27. a4 Rb8 $6 (27... b4 28. cxb4 Rb8 $14 (28... Qxb4 29. Qxf6 $16)) 28. b4
Rbg8 29. Bb3 Rd8 30. Ra1 Ra8 31. g3 $1 {Mikhalevski,V: 'Securing the position
of the king and preparing a decisive blow.'} ({Immediate} 31. axb5 $6 {
Mikhalevski,V} axb5 32. Rxa8 Rxa8 33. Bxd5 $2 {loses to intermediate check}
Ra1+ 34. Ke2 cxd5 $19) 31... Kd6 32. Kg2 $22 Kd7 $4 (32... Rhb8 $8 33. Qxf6 (
33. a5 $5 Rh8 34. Re1 Rae8 35. Qxf6 Qxf6 36. Rxf6 Ke7 37. Rf5 $16) 33... Qxf6
34. Rxf6 a5 35. axb5 Rxb5 $1 $132 (35... axb4 36. Rxa8 Rxa8 37. cxb4 cxb5 38.
Rf5 $16)) 33. axb5 $18 axb5 34. Rxa8 Rxa8 35. Bxd5 {'+-' Mikhalevski,V.} Ra3
36. Be4 Kd6 37. Qh5 $1 Kc7 38. Qxh6 Nd8 39. Qf4+ Kb7 40. h5 Ne6 41. Qxf6 {
Mikhalevski,V: 'Dubious strategy in the opening was punished by strong
positional pressure of Hracek.'} 1-0

[Event "Olympiad-32"]
[Site "Yerevan"]
[Date "1996.09.20"]
[Round "5.1"]
[White "Topalov, Veselin"]
[Black "Torre, Eugenio"]
[Result "0-1"]
[WhiteElo "2750"]
[BlackElo "2535"]
[Annotator "Kharitonov,A"]
[PlyCount "110"]
[EventDate "1996.09.15"]
[EventType "team-swiss"]
[EventRounds "14"]
[EventCountry "ARM"]
[SourceTitle "CBM 055"]
[Source "ChessBase"]
[SourceDate "1996.12.01"]
[SourceVersion "1"]
[SourceVersionDate "1996.12.01"]
[SourceQuality "1"]
[WhiteTeam "Bulgaria"]
[BlackTeam "Philippines"]
[WhiteTeamCountry "BUL"]
[BlackTeamCountry "PHI"]

1. e4 e5 2. Nf3 Nc6 3. Bb5 a6 4. Ba4 Nf6 5. O-O Nxe4 6. d4 b5 7. Bb3 d5 8. dxe5
Be6 9. Nbd2 Nc5 10. c3 Bg4 11. Bc2 Qd7 12. Re1 Rd8 13. b4 (13. Nf1 d4 $5 14. h3
(14. cxd4 $6 Bxf3 15. Qxf3 Nxd4 16. Qd1 Nxc2 17. Qxc2 Qd3 $15) 14... Bh5 (14...
d3 $5) 15. Ng3 Bg6 16. Bxg6 hxg6 17. Bg5 Be7 18. Bxe7 Qxe7 (18... Kxe7 $5 19.
Qd2 (19. cxd4 Nxd4 20. Nxd4 Qxd4 21. Qf3 Qxb2 $1 22. e6 Nxe6 23. Qc6 Qd4 24.
Qxc7+ Rd7 25. Qc6 Rb8 $10 {Zagrebelny,S-Kharitonov,A/Tashkent/1985/0,5/25/})
19... Ne6 20. Rad1 dxc3 21. Qc1 Qc8 22. Qxc3 Rxd1 23. Rxd1 Rd8 24. Rc1 $13 {
Klovans,J-Kharitonov,A/Omsk/1985/0,5/24/}) 19. cxd4 Nxd4 20. Nxd4 Ne6 21. Nge2
c5 22. Nc6 Rxd1 23. Nxe7 Rxe1+ $10 {Martin del Campo,R-Sagalchik,G/Linares/
1994/0,5/23/}) (13. Nb3 $5 Ne6 14. h3 Bh5 15. a4) 13... Ne6 14. Nf1 (14. Nb3 $5
) 14... Bh5 (14... Be7 15. Ng3 d4 $22 16. Be4 dxc3 17. Qxd7+ Kxd7 $36) 15. a3
$6 (15. Ng3 $5 Bg6 16. Nf5 Be7 $13) 15... Bg6 16. Ra2 a5 $1 $132 17. Bxg6 hxg6
18. Qe2 Ra8 19. Qxb5 $6 (19. Ng3 $5 Be7 20. Be3 $132) 19... axb4 20. cxb4 Bxb4
21. Rd1 Bc5 22. Qd3 $2 (22. Be3 $5 Nxe5 23. Qxd7+ Nxd7 24. Bxc5 Ndxc5 25. Rxd5
$10) 22... Ncd4 $1 23. Nxd4 Bxd4 24. Kh1 (24. Be3 Ra4 $1 $17) 24... Qa4 $1 25.
f4 Bb6 (25... Bc5 $5) 26. Rb2 (26. Qxd5 $4 Rd8 $19) 26... Bc5 27. Ng3 c6 $17
28. Rf1 (28. f5 $2 Rxh2+ 29. Kxh2 Qh4#) 28... Qd4 $1 29. Qc2 (29. Qxd4 Bxd4 $17
) 29... O-O 30. Rb3 Qa4 31. Qb1 Qc4 32. Qb2 Bd4 33. Qb1 Bc5 34. Qb2 Bd4 35. Qb1
Bc3 36. Be3 d4 37. Ne4 (37. Bg1 Nc5 $17) 37... Nc5 $1 38. Nxc5 (38. Rxc3 dxc3
39. Bxc5 (39. Nxc5 c2 40. Qc1 Rfd8 41. Re1 Rab8 $19) 39... c2 40. Qc1 Rfd8 41.
Re1 Rd1 42. Rxd1 cxd1=Q+ 43. Qxd1 Qxe4 $19) 38... Qxc5 39. Bg1 (39. Bc1 Qc4 $17
) 39... Qc4 $5 (39... Rxa3 $5 $17) 40. Rf3 Rfd8 41. Rd3 c5 42. h3 Qa4 (42...
Qe6 43. Rbxc3 dxc3 44. Rxc3 c4 $17) 43. e6 $5 Qe8 $5 (43... fxe6 44. Rg3 $132)
44. exf7+ Qxf7 45. Rb7 Rd7 46. Rxd7 Qxd7 47. Qb3+ Qf7 (47... Kh7 $6 48. Qc4 $5
(48. Qxc3 $5 dxc3 49. Rxd7 c2 50. Be3 Rxa3 51. Bd2 Ra1+ 52. Kh2 Rd1 53. Rc7 $10
)) 48. Rxc3 dxc3 49. Qxc3 c4 $19 50. Bd4 Rb8 51. Be5 Rb3 52. Qa5 Rd3 53. Kh2
Kh7 54. Qb4 (54. a4 c3 $19) 54... Qa7 $1 55. Qxc4 Qe3 (55... Qe3 56. Qc2 Qg3+
57. Kh1 Re3 58. Bd4 Re1+ 59. Bg1 Qe3 $19) 0-1

[Event "Ubeda"]
[Site "Ubeda"]
[Date "1997.02.19"]
[Round "10"]
[White "Leko, Peter"]
[Black "Kortschnoj, Viktor Lvovich"]
[Result "1/2-1/2"]
[WhiteElo "2600"]
[BlackElo "2635"]
[Annotator "Kortschnoj,V"]
[PlyCount "99"]
[EventDate "1997.02.07"]
[EventType "tourn"]
[EventRounds "11"]
[EventCountry "ESP"]
[EventCategory "16"]
[SourceTitle "CBM 058"]
[Source "ChessBase"]
[SourceDate "1997.06.01"]
[SourceVersion "1"]
[SourceVersionDate "1997.06.01"]
[SourceQuality "1"]

1. e4 {Mikhalevski,V Hansen,Cu} e5 2. Nf3 Nc6 3. Bb5 a6 4. Ba4 Nf6 5. O-O Nxe4
6. d4 b5 7. Bb3 d5 8. dxe5 Be6 9. Nbd2 Nc5 10. c3 Be7 11. Bc2 Bg4 12. Re1 (12.
h3 Bh5 13. Re1 O-O 14. Nf1 f6 15. exf6 Bxf6 16. Ng3 Bg6 17. Bxg6 hxg6 18. Qc2
Ne7 19. Bf4 Qd7 20. Ne5 Bxe5 21. Bxe5 Rae8 22. Nf1 Ne4 23. f3 Ng5 24. Qd2 Ne6
25. Ne3 g5 26. Rad1 c6 27. Ng4 Ng6 28. Bd4 Qd6 29. b4 Re7 30. Bf2 Rfe8 31. Re3
Qc7 32. Rde1 Nef4 33. Kf1 Rxe3 34. Bxe3 Qf7 35. g3 Ne6 36. Kg2 Rf8 {Leko,
P-Kortschnoj,V/Koop Tjuchem Groningen 1996/CBM 57/1/2-1/2 (54)}) 12... O-O {
Hansen: Kortschnoj has preferred this move lately. His old favorite line used
to be 12..Qd7 and 13..Rd8.} 13. Nf1 (13. Nb3 $5) (13. b4 Ne6 14. Nb3) 13... Re8
(13... d4 $5 {Wedberg: The thematic push in the open spanish. But the move has
not been played much in this exact position.} 14. h3 Bh5 15. Ng3 Bxf3 16. Qxf3
d3 17. b4 $1 dxc2 18. bxc5 Qd7 (18... Qe8 {Hansen,Cu} 19. Nf5 $40) 19. Nf5 Qe6
$5 {Wedberg: This could well be the best move in the position.} (19... Nxe5 $5
$146 {A surprising novelty. Kortschnoj gives a piece for unclear compensation.}
20. Rxe5 Qd1+ 21. Kh2 Bf6 22. Re3 Rad8 {If Black would get b4 in, things would
look rather rosy.} (22... b4 23. Ne7+ Kh8 24. Nd5 $16) (22... Rae8 23. Nh6+ Kh8
24. Rxe8 Rxe8 25. Nxf7+ Kg8 26. Nh6+ Kh8 27. Qf5 $16) 23. a3 a5 24. Qe4 h5 25.
Ne7+ $1 (25. Nd4 $2 Rxd4 $1 26. cxd4 Bxd4 27. Ra2 Qxc1 $1 28. Rxc2 (28. Qxd4
Qb1 29. Ra1 c1=Q 30. Rxb1 Qxb1 31. Qe5 $11) 28... Qb1 29. Ree2 (29. Qxd4 Qxc2
$15) 29... Bf6 30. Rcd2 (30. c6 $1 {Timman}) 30... Qc1 31. Qe3 b4 32. axb4 axb4
33. Rd5 Qc4 34. Qd3 Qxd3 35. Rxd3 Rb8 36. Rb3 Rb5 37. c6 Rb6 38. Re4 Bc3 39.
Rc4 Kf8 40. Rb1 Ke7 41. f4 Ke6 42. Rd1 f5 43. g4 g6 44. Kg3 Ra6 {1/2-1/2
Timman,J-Kortschnoj,V/Koop Tjuchem Groningen 1996/CBM 57/[Wedberg]}) 25... Kh8
(25... Bxe7 26. Qxe7 Qf1 27. Re2 Rd1 28. Rxc2 $16) 26. Nc6 Rd5 27. Nxa5 Rxc5
28. Nb3 Rxc3 29. Rxc3 Bxc3 30. Ra2 $18) 20. Qg4 (20. Qxc6 Qxf5 21. Qxc7 Qe6 $1
$15) 20... Qg6 (20... g6 $5) 21. Qxg6 hxg6 22. Nxe7+ Nxe7 23. Bg5 Nd5 $13) 14.
Ne3 (14. h3 Bh5 15. g4 (15. Ng3 Bg6 16. Be3 Qd7 $11) 15... Bg6 16. Bxg6 hxg6
17. Ne3 Qd7 18. Qxd5 Rad8 $44) (14. Ng3 d4 {Tal}) 14... Nxe5 (14... Bxf3 15.
Qxf3 Nxe5 16. Qf5 Ng6 17. Nxd5 Bd6 18. Rxe8+ Qxe8 19. Be3 Ne6 20. Rd1 Rd8 21.
g3 c6 22. Nb4 Bxb4 23. Rxd8 Qxd8 24. cxb4 Qd5 25. Qxd5 cxd5 26. f4 {Adams,
M-Garcia,G/New York op 1995/EXP 47/1-0 (56)} (26. f4 {Mikhalevski,V} Ne7 27. f5
Nd8 28. Bc5 Ndc6 29. Kf2 f6 30. Bxe7 Nxe7 31. Ke3 Nc6 32. Bb3 Kf8 33. Bxd5 Nxb4
34. Kd4 Ke7 35. a3 Nc2+ 36. Kd3 Kd6 37. Bb7 Kc7 38. Be4 Na1 39. b4 $18 {
Adams,M-Garcia,G/New York op 1995/1-0 (56)})) 15. Bxh7+ (15. Nxg4 Nxg4 16. h3
Nf6 17. Nd4 Bf8 18. Bg5 Rxe1+ 19. Qxe1 Qd6 20. Qd1 Nfe4 21. Be3 g6 22. f3 Nf6
23. Qd2 {Prasad,D-Ramesh,R/Madras zt 1995/EXT 95/1/2-1/2 (61)}) 15... Kxh7 16.
Qc2+ Kg8 (16... Ng6 17. Nxg4 $14) 17. Nxe5 Bh5 $5 $146 (17... Be6 18. Nc6 (18.
Nf5 $6 Bxf5 (18... Bf8 $142 $11) 19. Qxf5 Bf6 20. Bf4 $14 {1-0 Daly,C-Glodeanu,
I/Bucharest2 1993 (35)}) 18... Qd6 19. Nxe7+ Rxe7 20. b3 Nd7 21. Bb2 $6 (21. a4
$1 $14) (21. a4 $1 $14) 21... Rae8 22. Rad1 (22. a4 $5) (22. a4 $5) 22... c5
23. f3 Ne5 $1 24. Qf2 $6 (24. Qd2) (24. Qd2 c4 25. bxc4 bxc4 26. Nc2 $10 Nd3
27. Ba3 Qb6+ $145 28. Qe3) 24... c4 25. Qg3 f6 26. Rd4 Qc5 27. bxc4 $6 (27. b4
Qb6 28. Bc1 $17) 27... dxc4 28. Nc2 $2 (28. Bc1) (28. Bc1) 28... a5 $1 $19 {
0-1 Wang Zili-Jussupow,A/Novi Sad olm 1990/TD 90\06/[Balashov] (36)} (28... a5
$1 $19 {Mikhalevski,V} 29. Ba3 b4 30. cxb4 Qa7 31. b5 Rd7 32. Ree4 Bf5 33. Qf2
Bxe4 34. Rxd7 Qxd7 35. fxe4 Qd1+ 36. Ne1 Nd3 {0-1 Wang Zili-Jussupow,A/Novi
Sad olm 1990})) 18. Qf5 $1 (18. b4 $2 Na4) (18. g4 $6 Bg6) (18. Nc6 $6 {
Mikhalevski,V} Qd7 19. Qf5 $6 (19. Nxe7+ Rxe7 $15) 19... Qxf5 20. Nxf5 Bf6 21.
Nfe7+ Kf8 22. Be3 Nd3 23. Nxd5 Nxe1 24. Rxe1 Re6 25. Bc5+ Kg8 26. Rxe6 fxe6 27.
Nxc7 Rc8 28. Bb6 (28. Bd6 $2 Bd8) 28... Bd8 29. f3 Rxc7 30. Nxd8 Rd7 31. Nxe6
Rd6 32. Nf4 Rxb6 $1 33. Nxh5 Rd6) 18... Bf6 19. Nc6 $2 {Jetzt behält Schwarz
sein Läuferpaar} (19. Qxh5 Rxe5 20. Qd1 $1) (19. Nf3 Bxf3 20. Qxf3 $11) 19...
Bg6 {^^} (19... Qd7 $5 {Hansen,Cu} 20. Qxh5 Qxc6 21. Rd1 Re5 22. Qf3 Rae8 $132)
20. Qxg6 fxg6 21. Nxd8 Raxd8 $17 22. Rd1 $6 (22. Kf1 $142) (22. Rb1 $142) (22.
Nc2 {Mikhalevski,V} Rxe1+ 23. Nxe1 d4 (23... Na4) 24. cxd4 Bxd4 25. Kf1 (25.
Nf3 $2 Bf6 26. Bf4 Bxb2 27. Bxc7 Rd7 28. Rb1 Rxc7 29. Rxb2 Nd3 30. Rb1 Rc2)
25... Na4 26. Rb1 c5 27. b3 Nc3 28. Rb2 Ne4 29. Rc2 Nxf2 30. Rxf2 Bxf2 31. Kxf2
Rd1 32. Be3 Ra1 33. Bxc5 Rxa2+ 34. Ke3 a5 35. Bb6 $1 a4 36. bxa4 bxa4 37. Bd4
$11) 22... d4 23. cxd4 Bxd4 $4 (23... Rxd4 $142 {Jetzt erhält Schwarz das Feld
d3 für seinen Springer.} 24. Rxd4 (24. Rf1 $5) 24... Bxd4 {>< d3} 25. Rb1 Nd3
26. Kf1 Rf8 {Mit Bauerngewinn.} 27. f3 $2 Nxc1 28. Rxc1 Bxe3 $19) (23... Rxd4
$5 $15 {[%csl Ra1,Rb2,Rc1][%cal Yf6a1,Yc5d3] Hansen,Cu}) 24. Rb1 Na4 25. Re1
$15 (25. Kf1 {Mikhalevski,V} c5 26. Nc2 $2 (26. h4) 26... Bxb2 $1) 25... c5 26.
b3 Nc3 27. Rb2 Nd5 28. Rbe2 Nb4 29. Bd2 $1 Nd3 (29... Nxa2 $2 30. Ba5 $16) 30.
Rd1 c4 31. bxc4 bxc4 32. Kf1 c3 33. Be1 $11 {Der Bauer c3 bleibt angegriffen.}
(33. Bc1 Nf4 34. Ree1 {Ist spielbar, aber unbequemer für Weiß.}) 33... Bf6 (
33... Bxe3 34. Bxc3 $1 (34. fxe3 Rf8+ 35. Kg1 (35. Bf2 Nb4 36. Rc1 c2 $17)
35... Nf4 $1 $19)) 34. a3 Kf7 35. g3 Re6 36. Rc2 Nxe1 37. Kxe1 Rb8 38. Rd7+ $1
Ke8 39. Rd3 (39. Rc7 $2 Rb2 40. Kd1 Rd6+) (39. Rd5 $11 {Mikhalevski,V}) 39...
Rb3 40. Kf1 $1 (40. Ra2 $2 Rb2) (40. a4 $5 {Mikhalevski,V} Re4 $1 (40... Ra3
41. Kf1)) 40... Kf7 (40... Rxa3 $2 41. Ng4 (41. Nd5 {Hansen,Cu} Rc6 $17 (41...
Rc6 {Mikhalevski,V} 42. f4 Kf7 (42... Rb3 $2 43. Nxf6+ $1 gxf6 44. Re2+ Kf8 45.
Rd8+ $11 Kg7 $4 46. Re7+ Kh6 47. Rh8#) 43. g4 Rb3 $17 44. g5 Rb2 45. Ne3 Rxc2
46. Nxc2 Be7)) 41... Rc6 42. Nxf6+ gxf6 43. Re2+ Kf8 44. Rd8+ Kf7 (44... Kg7
45. Re7+ Kh6 46. f4 g5 (46... Kh5 47. h3) 47. f5 g4 48. Rg8 $18 {Droht matt.})
45. Rd7+ $11) 41. Ng4 $1 Rb1+ (41... Rc6 $5 42. Nxf6 gxf6 43. a4) 42. Kg2 Rb2
43. Rc1 Rd2 (43... Ree2 44. Rf3 c2 45. Nxf6 gxf6 (45... Rb1 46. Ne4+ Kg8 47.
Nc3) 46. Rc3 {/\Kg2-f3-e3}) 44. Rxd2 $1 (44. Rf3 c2 {/\Ree2}) 44... cxd2 45.
Rd1 Bc3 46. Ne3 Ba5 47. Kf3 Ke8 48. Ke2 Kd7 49. Kd3 Rd6+ 50. Ke2 1/2-1/2

[Event "Olympiad-32"]
[Site "Yerevan"]
[Date "1996.09.20"]
[Round "5.1"]
[White "Short, Nigel D"]
[Black "Timman, Jan H"]
[Result "1/2-1/2"]
[WhiteElo "2695"]
[BlackElo "2590"]
[Annotator "Makarichev,S"]
[PlyCount "73"]
[EventDate "1996.09.15"]
[EventType "team-swiss"]
[EventRounds "14"]
[EventCountry "ARM"]
[SourceTitle "CBM 055"]
[Source "ChessBase"]
[SourceDate "1996.12.01"]
[SourceVersion "1"]
[SourceVersionDate "1996.12.01"]
[SourceQuality "1"]
[WhiteTeam "England"]
[BlackTeam "Netherlands"]
[WhiteTeamCountry "ENG"]
[BlackTeamCountry "NED"]

1. e4 e5 2. Nf3 Nc6 3. Bb5 a6 4. Ba4 Nf6 5. O-O Nxe4 6. d4 b5 7. Bb3 d5 8. dxe5
Be6 9. c3 Bc5 10. Nbd2 O-O 11. Bc2 Bf5 12. Nb3 Bg6 13. Nfd4 Bxd4 14. cxd4 a5
15. Be3 a4 16. Nc1 a3 17. b3 f6 18. exf6 Qxf6 19. Ne2 Nb4 20. Bb1 Qe7 21. Re1
$5 (21. Qe1 $6 Rfe8 22. Nf4 Bf7 23. Qc1 c5 $1 24. dxc5 Qf6 $17 {Karpov,
A-Kortchnoi,V/Merano W-ch/1981/}) 21... Nxf2 $1 22. Bxf2 Bxb1 23. Rxb1 (23. Nc3
$2 Qf7 24. Bg3 Bg6 $17 {xc2,d3/} 25. Rf1 Qd7) 23... Rxf2 $3 24. Kxf2 Rf8+ 25.
Nf4 $5 (25. Kg1 Qe3+ 26. Kh1 Nd3 27. Rf1 Rxf1+ (27... Nf2+ $2 28. Rxf2 Rxf2 29.
Ng3 Rxa2 30. Qg4 $16 Rf2 (30... Rb2 31. Rf1 Rf2 32. Qc8+ Kf7 33. Qxc7+ Kg6 34.
Qb6+ $18) 31. Nf5) 28. Qxf1 Nf2+ 29. Kg1 Ng4+ $10) 25... Rxf4+ 26. Kg1 Re4 $44
27. Qd2 (27. Rxe4 $2 Qxe4 $15) 27... Nd3 $1 $8 28. Rf1 (28. Rxe4 $2 Qxe4 29.
Rf1 Qxd4+ 30. Kh1 c5 $15) 28... Rxd4 29. Rf3 Nf4 $1 (29... Qe4 $2 30. Rbf1 h6
31. Qa5 $40) 30. Qf2 (30. Qxd4 $4 Ne2+) 30... g5 31. Re3 (31. Re1 Re4 32. Rxe4
dxe4 33. Rg3 Qe5 $1 $40 34. h4 $140 $2 Ne2+ $1) 31... Re4 32. Rxe4 dxe4 {
/\e4-e3-e2/} 33. Qe3 $8 Nd3 34. Rf1 Qe5 $10 35. Kh1 Kg7 36. h4 $5 gxh4 37. g3
$1 $132 1/2-1/2

[Event "Olympiad-34"]
[Site "Istanbul"]
[Date "2000.10.31"]
[Round "4.1"]
[White "Movsesian, Sergei"]
[Black "Marin, Mihail"]
[Result "1/2-1/2"]
[WhiteElo "2666"]
[BlackElo "2557"]
[Annotator "Marin,M"]
[PlyCount "37"]
[EventDate "2000.10.28"]
[EventType "team-swiss"]
[EventRounds "14"]
[EventCountry "TUR"]
[SourceTitle "EXT 2001"]
[Source "ChessBase"]
[SourceDate "2000.11.22"]
[SourceVersion "1"]
[SourceVersionDate "2000.11.22"]
[SourceQuality "1"]
[WhiteTeam "Czech Republic"]
[BlackTeam "Romania"]
[WhiteTeamCountry "CZE"]
[BlackTeamCountry "ROU"]

1. e4 e5 2. Nf3 Nc6 3. Bb5 a6 4. Ba4 Nf6 5. O-O Nxe4 6. d4 b5 7. Bb3 d5 8. dxe5
Be6 9. Nbd2 Nc5 10. c3 Be7 11. Bc2 Bg4 12. Re1 Qd7 13. h3 {Not the most
dangerous move here, but Movsesian had already played this.} Bh5 14. Nf1 Rd8
15. g4 Bg6 16. Ng3 O-O $146 ({This is probably better than} 16... Bxc2 {
played by Ivanchuk against Sergey.}) 17. Be3 (17. Bf5 Bxf5 $5 18. gxf5 Ne4 $1
19. Nxe4 dxe4 20. Qxd7 Rxd7 21. Rxe4 Rd1+ $44) (17. Nf5 Ne4 $1) 17... Ne4 18.
Bf4 f5 19. g5 1/2-1/2